Language Quiz

Random Language or Spanish Quiz
Score 0/16 Timer 03:00
1 Play Today
Hint Answer % Correct
Languages of
Switzerland
German
95.7%
Languages of
Switzerland
French
95.6%
Languages of
Switzerland
Italian
82.8%
Definite Articles
in Spanish
la
71.9%
Definite Articles
in Spanish
el
69.5%
Greek Letters Spelled
out in 2-Letters
pi
67%
Greek Letters Spelled
out in 2-Letters
mu
62.2%
Definite Articles
in Spanish
los
60.3%
Hint Answer % Correct
Definite Articles
in Spanish
las
57.4%
Greek Letters Spelled
out in 2-Letters
nu
54.8%
Greek Letters Spelled
out in 2-Letters
xi
47.6%
Languages of
Switzerland
Romansh
34.8%
Cases for Nouns
in German
Nominative
28.5%
Cases for Nouns
in German
Dative
28%
Cases for Nouns
in German
Accusative
25.2%
Cases for Nouns
in German
Genitive
21.7%
Remove Ads.
Support Sporcle.
Get the best of Sporcle when you Go Orange. This ad-free experience offers more features, more stats, and more fun while also helping to support Sporcle. Thank you for becoming a member.

You're not logged in!

Compare scores with friends on all Sporcle quizzes.
OR
Log In

Sporcle TV

Today on Sporcle TV


Watch our educational content, quiz creation guides, and fun videos on Sporcle TV.

Show Comments

Extras

Top Quizzes Today


Score Distribution

Paid Content

Your Account Isn't Verified!

In order to create a playlist on Sporcle, you need to verify the email address you used during registration. Go to your Sporcle Settings to finish the process.

Report this User

Report this user for behavior that violates our Community Guidelines.

Details: